[Event "24. Int. Boeblinger Open"]
[Site "Boeblingen"]
[Date "2007.12.27"]
[Round "3.7"]
[White "Bastian, Martin"]
[Black "Drabke, Lorenz Maximilian"]
[Result "0-1"]
[WhiteElo "2205"]
[BlackElo "2411"]
[PlyCount "88"]
[EventDate "2007.??.??"]

1. e4 c5 2. Nc3 e6 3. g3 d5 4. Bg2 Nf6 5. d3 Be7 6. Nge2 d4 7. Nb1 Nc6 8. O-O
e5 9. Nd2 h5 10. h4 Be6 11. Nf3 Ng4 12. c3 Qd7 13. cxd4 cxd4 14. Bd2 f6 15. a3
O-O 16. Nh2 a5 17. Nxg4 hxg4 18. f4 gxf3 19. Bxf3 a4 20. Nc1 g5 21. Rf2 Kg7 22.
h5 g4 23. Be2 Rh8 24. h6+ Kg6 25. Rf5 Bxf5 26. exf5+ Kh7 27. Bxg4 Bf8 28. Bf3
Bxh6 29. Bxh6 Kxh6 30. Qd2+ Kg7 31. g4 Rh3 32. Qg2 Rah8 33. Ne2 e4 34. Bxe4
Rh1+ 35. Qxh1 Rxh1+ 36. Kxh1 Ne5 37. Nf4 Qc8 38. Rg1 Qc2 39. g5 fxg5 40. Rxg5+
Kf6 41. Rg1 Qf2 42. Nh5+ Ke7 43. Rg7+ Kf8 44. Rg3 Qf1+ 0-1

[Event "24. Int. Boeblinger Open"]
[Site "Boeblingen"]
[Date "2007.12.27"]
[Round "3.8"]
[White "Rombaldoni, Axel"]
[Black "Kabisch, Thilo"]
[Result "0-1"]
[WhiteElo "2399"]
[BlackElo "2227"]
[PlyCount "60"]
[EventDate "2007.??.??"]

1. e4 c5 2. Nf3 Nc6 3. d4 cxd4 4. Nxd4 e5 5. Nb5 d6 6. a4 Be7 7. N1c3 a6 8. Na3
f5 9. Bc4 Nf6 10. exf5 Nd4 11. g4 b5 12. axb5 Bb7 13. g5 Bf3 14. gxf6 Bxf6 15.
Qd3 Bxh1 16. Be3 d5 17. Ba2 axb5 18. Bxd4 exd4 19. Ncxb5 Qe7+ 20. Kf1 Be4 21.
Qh3 d3 22. cxd3 Bxb2 23. Re1 Bxa3 24. dxe4 Bb4 25. Re2 Rxa2 26. Rxa2 O-O 27.
exd5 Qe4 28. Rb2 Qh1+ 29. Ke2 Re8+ 30. Kd3 Qe4# 0-1

[Event "24. Int. Boeblinger Open"]
[Site "Boeblingen"]
[Date "2007.12.27"]
[Round "3.9"]
[White "Maehrlein, Christoph"]
[Black "Schaefer, Markus"]
[Result "1/2-1/2"]
[WhiteElo "2186"]
[BlackElo "2395"]
[PlyCount "51"]
[EventDate "2007.??.??"]

1. d4 Nf6 2. c4 g6 3. g3 Bg7 4. Bg2 O-O 5. Nc3 d6 6. Nf3 Nbd7 7. O-O e5 8. e4
c6 9. h3 Re8 10. d5 cxd5 11. cxd5 b5 12. Nd2 b4 13. Na4 Ba6 14. Re1 Bb5 15. Bf1
a6 16. a3 bxa3 17. Rxa3 Bh6 18. Nc3 Bxf1 19. Kxf1 Nc5 20. Qe2 Qd7 21. Kg2 Reb8
22. Nc4 Bxc1 23. Rxc1 Rb4 24. Na2 Rb5 25. Nc3 Rb4 26. Na2 1/2-1/2

[Event "24. Int. Boeblinger Open"]
[Site "Boeblingen"]
[Date "2007.12.27"]
[Round "3.10"]
[White "Dausch, Rene"]
[Black "Mader, Manuela"]
[Result "1-0"]
[WhiteElo "2351"]
[BlackElo "2203"]
[PlyCount "63"]
[EventDate "2007.??.??"]

1. d4 Nf6 2. Nf3 g6 3. Bg5 Bg7 4. Nbd2 d6 5. e4 h6 6. Bh4 g5 7. Bg3 Nh5 8. c3
e6 9. Nc4 Nd7 10. Nfd2 Nxg3 11. hxg3 Qe7 12. Ne3 Nf6 13. Qb3 a6 14. O-O-O c6
15. e5 dxe5 16. dxe5 Nd5 17. Nec4 Kf8 18. Re1 Qc7 19. f4 gxf4 20. gxf4 c5 21.
Nd6 b5 22. c4 bxc4 23. Bxc4 Nb6 24. Rhf1 Rb8 25. N2e4 Bb7 26. f5 Nxc4 27. Qxc4
Bxe4 28. Qxe4 Kg8 29. fxe6 fxe6 30. Rf7 Qb6 31. Re2 Qb4 32. Qg6 1-0

[Event "24. Int. Boeblinger Open"]
[Site "Boeblingen"]
[Date "2007.12.27"]
[Round "3.12"]
[White "Lipok, Christoph"]
[Black "Wigger, Jochen"]
[Result "1/2-1/2"]
[WhiteElo "2178"]
[BlackElo "2297"]
[PlyCount "56"]
[EventDate "2007.??.??"]

1. d4 d5 2. c4 dxc4 3. Nf3 Nf6 4. e3 Bg4 5. Bxc4 e6 6. h3 Bh5 7. Nc3 Nbd7 8.
O-O Bd6 9. e4 e5 10. Be2 Bg6 11. Bg5 c6 12. dxe5 Nxe5 13. Qb3 Qe7 14. Nh4 h6
15. Nxg6 Nxg6 16. Bxf6 gxf6 17. Bg4 h5 18. Bf5 Nh4 19. Kh1 Kf8 20. Qd1 Rd8 21.
Qe2 b5 22. Rae1 Re8 23. g3 b4 24. gxh4 bxc3 25. f4 cxb2 26. Qxb2 Rb8 27. Qg2
Rg8 28. Qf3 Rb2 1/2-1/2

[Event "24. Int. Boeblinger Open"]
[Site "Boeblingen"]
[Date "2007.12.27"]
[Round "3.16"]
[White "Probst, Alexander"]
[Black "Hirneise, Tobias"]
[Result "1/2-1/2"]
[WhiteElo "2145"]
[BlackElo "2287"]
[PlyCount "80"]
[EventDate "2007.??.??"]

1. e4 c5 2. Nf3 Nc6 3. Bb5 g6 4. O-O Bg7 5. c3 Nf6 6. Re1 O-O 7. d4 cxd4 8.
cxd4 d5 9. Bxc6 bxc6 10. e5 Ne4 11. Nbd2 Nxd2 12. Bxd2 Qb6 13. b4 Bg4 14. Bc3
f6 15. e6 f5 16. Qd3 Bxf3 17. Qxf3 Bxd4 18. Bxd4 Qxd4 19. b5 cxb5 20. Rad1 Qb4
21. Qxd5 Rad8 22. Qb7 Rxd1 23. Rxd1 a5 24. h3 f4 25. Rd7 Qe1+ 26. Kh2 Qxf2 27.
Rxe7 Qg3+ 28. Kh1 Qe1+ 29. Kh2 Qg3+ 30. Kh1 Qe1+ 31. Kh2 Qe5 32. Kh1 f3 33.
gxf3 h5 34. h4 Qf6 35. Kg2 Qb2+ 36. Kg3 Qe5+ 37. Kg2 Qb2+ 38. Kg3 Qf6 39. Rh7
g5 40. Rxh5 Qe5+ 1/2-1/2

[Event "24. Int. Boeblinger Open"]
[Site "Boeblingen"]
[Date "2007.12.27"]
[Round "3.17"]
[White "Hitzler, Philipp"]
[Black "Launiau, Severin"]
[Result "1/2-1/2"]
[WhiteElo "2278"]
[BlackElo "2141"]
[PlyCount "53"]
[EventDate "2007.??.??"]

1. Nf3 e6 2. c4 c5 3. g3 Nf6 4. Bg2 d5 5. O-O Nc6 6. b3 Be7 7. cxd5 Nxd5 8. Bb2
O-O 9. Nc3 Nc7 10. Rc1 Rb8 11. Na4 b6 12. d4 Nxd4 13. Nxd4 cxd4 14. Qxd4 Qxd4
15. Bxd4 Bd6 16. Rfd1 Nb5 17. Bb2 Ba6 18. Be4 Rbc8 19. Bd3 Rxc1 20. Rxc1 Rd8
21. Kf1 e5 22. h4 h5 23. Bc4 Kf8 24. Nc3 Nxc3 25. Rxc3 Bxc4 26. Rxc4 g6 27. e4
1/2-1/2

[Event "24. Int. Boeblinger Open"]
[Site "Boeblingen"]
[Date "2007.12.27"]
[Round "3.18"]
[White "Remmler, Hans-Peter"]
[Black "Haist, Winfried"]
[Result "0-1"]
[WhiteElo "2256"]
[BlackElo "2139"]
[PlyCount "80"]
[EventDate "2007.??.??"]

1. e4 d6 2. d4 Nf6 3. Nc3 g6 4. Be2 Bg7 5. Be3 c6 6. Nf3 Qa5 7. O-O Ng4 8. Bg5
h6 9. Bh4 g5 10. Bg3 h5 11. h4 gxh4 12. Bxh4 Nd7 13. Qd2 Nf8 14. Bxe7 Qc7 15.
Bg5 Ne6 16. Rad1 Nxg5 17. Qxg5 Bh6 18. Qh4 Qb6 19. Rd3 Bd7 20. Nh2 Bg7 21. Nf3
Bf6 22. Qg3 Be7 23. Qf4 Rh7 24. e5 d5 25. Na4 Qb4 26. b3 b6 27. Nc3 Rg7 28. a4
Be6 29. Qc1 Kd7 30. Na2 Qa5 31. c4 Rag8 32. c5 bxc5 33. dxc5 Qc7 34. Qc3 f6 35.
b4 fxe5 36. b5 e4 37. bxc6+ Ke8 38. Rb1 Nh2 39. Rb7 Rxg2+ 40. Kh1 Nxf3 0-1

[Event "24. Int. Boeblinger Open"]
[Site "Boeblingen"]
[Date "2007.12.27"]
[Round "3.19"]
[White "Graf, Felix"]
[Black "Biegler, Markus"]
[Result "1-0"]
[WhiteElo "2241"]
[BlackElo "2096"]
[PlyCount "77"]
[EventDate "2007.??.??"]

1. d4 e6 2. c4 f5 3. g3 Nf6 4. Bg2 c6 5. d5 cxd5 6. cxd5 Nxd5 7. Bxd5 exd5 8.
Nf3 Bb4+ 9. Bd2 Nc6 10. O-O O-O 11. Bf4 d4 12. Nxd4 Nxd4 13. Qxd4 Qb6 14. Qc4+
d5 15. Qxd5+ Be6 16. Qf3 Rac8 17. Nc3 Qc6 18. Qxc6 Rxc6 19. Be5 g5 20. a3 Ba5
21. Rfd1 f4 22. Ne4 h6 23. gxf4 gxf4 24. f3 Rf5 25. Bd4 Rc2 26. b4 Bb6 27. Bxb6
axb6 28. Kf2 Re5 29. Rac1 Bb3 30. Rxc2 Bxc2 31. Rd8+ Kf7 32. Rd7+ Re7 33. Rd6
Re6 34. Rd7+ Re7 35. Rxe7+ Kxe7 36. e3 fxe3+ 37. Kxe3 Ke6 38. Nc3 Bb3 39. f4
1-0

[Event "24. Int. Boeblinger Open"]
[Site "Boeblingen"]
[Date "2007.12.27"]
[Round "3.21"]
[White "Mueller, Christian"]
[Black "Naumann, Alexander"]
[Result "1/2-1/2"]
[WhiteElo "2086"]
[BlackElo "2548"]
[PlyCount "58"]
[EventDate "2007.??.??"]

1. d4 Nf6 2. c4 g6 3. Nc3 Bg7 4. e4 O-O 5. f4 d6 6. Nf3 Na6 7. Be2 e5 8. fxe5
dxe5 9. Nxe5 c5 10. Be3 cxd4 11. Bxd4 Qe7 12. Nf3 Nc7 13. O-O Ne6 14. Be5 Qc5+
15. Kh1 Ng4 16. Bxg7 Kxg7 17. Qe1 Qb4 18. Nd5 Qxe1 19. Raxe1 b6 20. h3 Nf6 21.
Nxf6 Kxf6 22. Nd4+ Kg7 23. Nxe6+ Bxe6 24. b3 h5 25. Kg1 Rfd8 26. Rd1 Rxd1 27.
Rxd1 Kf6 28. Kf2 Ke5 29. Ke3 Rc8 1/2-1/2

[Event "24. Int. Boeblinger Open"]
[Site "Boeblingen"]
[Date "2007.12.27"]
[Round "2.2"]
[White "Sokratov, Stanislav"]
[Black "Naumann, Alexander"]
[Result "1/2-1/2"]
[WhiteElo "2139"]
[BlackElo "2548"]
[PlyCount "64"]
[EventDate "2007.??.??"]

1. d4 Nf6 2. Nf3 g6 3. c4 Bg7 4. Nc3 O-O 5. e4 d6 6. Be2 Na6 7. O-O e5 8. Re1
c6 9. Bf1 exd4 10. Nxd4 Ng4 11. h3 Qb6 12. hxg4 Qxd4 13. Qxd4 Bxd4 14. Bf4 Be5
15. Bxe5 dxe5 16. f3 Nc5 17. Red1 a5 18. b3 Be6 19. Rd6 Rfd8 20. Rad1 Rxd6 21.
Rxd6 Kf8 22. Kf2 Ke7 23. Rd1 f6 24. Ke3 Bf7 25. g3 Ne6 26. Rd2 Nd4 27. Ne2 Ne6
28. Nc3 Rd8 29. Rxd8 Kxd8 30. Na4 Nd4 31. Bd3 Kc7 32. c5 Be6 1/2-1/2

[Event "24. Int. Boeblinger Open"]
[Site "Boeblingen"]
[Date "2007.12.27"]
[Round "2.3"]
[White "Luther, Thomas"]
[Black "Rombach, Michael"]
[Result "1-0"]
[WhiteElo "2534"]
[BlackElo "2120"]
[PlyCount "67"]
[EventDate "2007.??.??"]

1. e4 c5 2. Nf3 g6 3. d4 cxd4 4. Nxd4 Nf6 5. Nc3 Nc6 6. Nxc6 bxc6 7. e5 Ng8 8.
Bc4 Bg7 9. Bf4 Qa5 10. O-O Qb4 11. Qd4 Qb6 12. Qd2 Qb4 13. Bd3 h5 14. Rad1 h4
15. Ba6 Qb8 16. e6 d6 17. exf7+ Kxf7 18. Bc4+ Kf8 19. Ne4 Qxb2 20. Nxd6 Qc3 21.
Qe2 Qf6 22. Ne4 Bg4 23. Qxg4 Qf5 24. Qxf5+ gxf5 25. Ng5 e5 26. Ne6+ Ke7 27.
Nxg7 exf4 28. Rfe1+ Kf6 29. Rd7 Nh6 30. Re6+ Kg5 31. Rxc6 Rab8 32. Ne6+ Kh5 33.
Be2+ Kg6 34. Nf8+ 1-0

[Event "24. Int. Boeblinger Open"]
[Site "Boeblingen"]
[Date "2007.12.27"]
[Round "2.4"]
[White "Muth, Roland"]
[Black "Fercec, Nenad"]
[Result "0-1"]
[WhiteElo "2121"]
[BlackElo "2487"]
[PlyCount "69"]
[EventDate "2007.??.??"]

1. e4 c5 2. Nc3 Nc6 3. f4 g6 4. Nf3 Bg7 5. Bb5 Nh6 6. O-O f5 7. e5 Nf7 8. Qe1
O-O 9. d3 Nd4 10. Nxd4 cxd4 11. Ne2 d6 12. exd6 Nxd6 13. Ba4 Be6 14. Bb3 Bf7
15. Kh1 Rc8 16. Bxf7+ Nxf7 17. c4 dxc3 18. Nxc3 Qxd3 19. Be3 Qa6 20. Nd5 Rfe8
21. Qh4 Qe6 22. Rad1 Rcd8 23. Nc7 Qxe3 24. Nxe8 Rxe8 25. Rfe1 Qc5 26. Rd7 Bf6
27. Qg3 Nd6 28. Qb3+ Kg7 29. h3 b5 30. Qe6 Ne4 31. Qa6 Qf2 32. Red1 Qxf4 33.
Rd8 Rxd8 34. Rxd8 Qf1+ 35. Kh2 0-1

[Event "24. Int. Boeblinger Open"]
[Site "Boeblingen"]
[Date "2007.12.27"]
[Round "2.5"]
[White "Wirig, Anthony"]
[Black "Kuhn, Gerhard"]
[Result "1-0"]
[WhiteElo "2467"]
[BlackElo "2119"]
[PlyCount "95"]
[EventDate "2007.??.??"]

1. c4 Nf6 2. g3 g6 3. Bg2 d5 4. cxd5 Nxd5 5. Qb3 Nb6 6. Qc3 f6 7. Nf3 Bg7 8.
O-O O-O 9. Qb3+ Qd5 10. Qc2 Nc6 11. Nc3 Nb4 12. Qd1 Qa5 13. Qb3+ Kh8 14. d4
N4d5 15. Nxd5 Qxd5 16. Qxd5 Nxd5 17. e4 Nb6 18. Bf4 c6 19. a4 Bg4 20. a5 Nd7
21. a6 b6 22. Be3 e5 23. dxe5 Nxe5 24. Nxe5 fxe5 25. h3 Be6 26. Rfc1 c5 27. Bf1
Rac8 28. Kg2 Rfd8 29. Bc4 Bxc4 30. Rxc4 Rc6 31. b4 Bf8 32. bxc5 Bxc5 33. Bxc5
Rdc8 34. Bxb6 Rxc4 35. Bxa7 Rxe4 36. Be3 Rec4 37. a7 Ra8 38. Rb1 Rcc8 39. Rb7
Re8 40. Kf3 Rf8+ 41. Ke4 Rfe8 42. Bb6 Kg8 43. h4 h6 44. Be3 h5 45. Bb6 Kf8 46.
Bc5+ Kg8 47. Bd6 Red8 48. Rb8 1-0

[Event "24. Int. Boeblinger Open"]
[Site "Boeblingen"]
[Date "2007.12.27"]
[Round "2.6"]
[White "Hirneise, Jens"]
[Black "Schmittdiel, Eckhard"]
[Result "0-1"]
[WhiteElo "2119"]
[BlackElo "2423"]
[PlyCount "80"]
[EventDate "2007.??.??"]

1. e4 e6 2. d4 d5 3. Nc3 Nf6 4. e5 Nfd7 5. f4 a6 6. Nce2 b5 7. Nf3 Be7 8. g3 b4
9. Bg2 a5 10. O-O O-O 11. g4 c5 12. c3 Nb6 13. Ng3 Ba6 14. f5 Bxf1 15. Bxf1 Nc6
16. Bd3 bxc3 17. bxc3 cxd4 18. cxd4 Nc4 19. Bc2 f6 20. exf6 Bxf6 21. fxe6 Qb6
22. Rb1 Qa7 23. Nf5 g6 24. Nh6+ Kg7 25. Nf7 Nxd4 26. Kg2 Nxc2 27. Bh6+ Kg8 28.
Qxc2 Rfb8 29. Bf4 Ne3+ 30. Bxe3 Qxe3 31. Qc6 Qe4 32. Rb7 Qxg4+ 33. Kf2 Bd4+ 34.
Nxd4 Qxd4+ 35. Kg3 Qe3+ 36. Kg2 Qd2+ 37. Kg3 d4 38. Qd7 Qe3+ 39. Kg2 Qe4+ 40.
Kg3 Rxb7 0-1

[Event "24. Int. Boeblinger Open"]
[Site "Boeblingen"]
[Date "2007.12.27"]
[Round "2.9"]
[White "Drabke, Lorenz Maximilian"]
[Black "Maas, Oliver"]
[Result "1-0"]
[WhiteElo "2411"]
[BlackElo "2106"]
[PlyCount "65"]
[EventDate "2007.??.??"]

1. e4 c5 2. Nf3 Nc6 3. Bb5 g6 4. Bxc6 bxc6 5. O-O Bg7 6. Re1 Nh6 7. c3 d6 8. d4
cxd4 9. cxd4 O-O 10. Bf4 f6 11. Qc1 g5 12. Be3 Qa5 13. Qxc6 g4 14. Qxa8 Be6 15.
Qb7 gxf3 16. Nd2 fxg2 17. Qxe7 Bh3 18. d5 Ng4 19. Nf3 Qb5 20. Rac1 Nxe3 21.
fxe3 Bh6 22. Kf2 Qxb2+ 23. Kg3 Bxe3 24. Kxh3 Bxc1 25. Rg1 Rf7 26. Qe6 Bg5 27.
Rxg2 Qc3 28. Rg3 Qc1 29. Qxd6 h5 30. Nxg5 fxg5 31. Qd8+ Kh7 32. Qxg5 Qf1+ 33.
Rg2 1-0

[Event "24. Int. Boeblinger Open"]
[Site "Boeblingen"]
[Date "2007.12.27"]
[Round "2.10"]
[White "Schaefer, Markus"]
[Black "Imhof, Thomas"]
[Result "1-0"]
[WhiteElo "2395"]
[BlackElo "2095"]
[PlyCount "59"]
[EventDate "2007.??.??"]

1. e4 c5 2. Nf3 d6 3. d4 cxd4 4. Nxd4 Nf6 5. Nc3 e6 6. Be2 Be7 7. O-O O-O 8. f4
Nc6 9. Be3 Bd7 10. Nb3 Qc7 11. Qe1 Nb4 12. Rc1 a5 13. a3 Na6 14. Qg3 Bc6 15.
Nd2 d5 16. e5 Nd7 17. Nb3 Kh8 18. Nd4 Bc5 19. Bd3 Qb6 20. Nce2 Qxb2 21. f5 exf5
22. Rxf5 Nc7 23. Rh5 g6 24. Qh3 Nxe5 25. Rxh7+ Kg8 26. Qh6 Nf3+ 27. gxf3 Bxd4
28. Bxd4 Qxc1+ 29. Nxc1 Ne6 30. Rh8# 1-0

[Event "24. Int. Boeblinger Open"]
[Site "Boeblingen"]
[Date "2007.12.27"]
[Round "2.12"]
[White "Gheng, Josef"]
[Black "Mueller, Christian"]
[Result "0-1"]
[WhiteElo "2310"]
[BlackElo "2086"]
[PlyCount "60"]
[EventDate "2007.??.??"]

1. e4 c6 2. d4 d5 3. Nc3 dxe4 4. Nxe4 Bf5 5. Ng3 Bg6 6. Bc4 e6 7. Nf3 Nd7 8.
Qe2 Ngf6 9. h4 h6 10. Bb3 Be7 11. Bd2 O-O 12. Ne5 Nxe5 13. dxe5 Nd7 14. h5 Bh7
15. O-O-O Qc7 16. f4 Nc5 17. Qf3 a5 18. Bc4 b5 19. Be2 f6 20. exf6 Bxf6 21. Qe3
Qa7 22. Kb1 Qe7 23. Bf3 Na4 24. Bc1 Qb4 25. Qxe6+ Kh8 26. Qb3 Nc5 27. Qxb4 axb4
28. f5 Bg8 29. Be3 Rxa2 30. Kc1 Bc3 0-1

[Event "24. Int. Boeblinger Open"]
[Site "Boeblingen"]
[Date "2007.12.27"]
[Round "2.14"]
[White "Wigger, Jochen"]
[Black "Bogenschuetze, Paul jr"]
[Result "1-0"]
[WhiteElo "2297"]
[BlackElo "2074"]
[PlyCount "67"]
[EventDate "2007.??.??"]

1. Nf3 Nf6 2. g3 d5 3. Bg2 Bg4 4. c4 Bxf3 5. Bxf3 c6 6. Qb3 Qd7 7. d4 dxc4 8.
Qxc4 e6 9. Nc3 Be7 10. O-O O-O 11. Rd1 Na6 12. a3 Rfc8 13. e4 Nc7 14. Be3 a5
15. Qe2 Bf8 16. Na4 Ra6 17. Rac1 b5 18. Nc5 Bxc5 19. Rxc5 Na8 20. Bg5 Nb6 21.
Bxf6 gxf6 22. Bg2 a4 23. Bf1 Kf8 24. Rh5 Qb7 25. Rxh7 Ke7 26. Qh5 Rf8 27. Qc5+
Ke8 28. Rh6 Nd7 29. Qb4 Rb6 30. Bg2 Qc7 31. Rc1 Rb8 32. Rh5 Rd8 33. Rxb5 Qa7
34. Rxc6 1-0

[Event "24. Int. Boeblinger Open"]
[Site "Boeblingen"]
[Date "2007.12.27"]
[Round "2.16"]
[White "Tuncer, Ufuk"]
[Black "Probst, Joachim"]
[Result "1-0"]
[WhiteElo "2293"]
[BlackElo "2070"]
[PlyCount "65"]
[EventDate "2007.??.??"]

1. e4 c6 2. d4 d5 3. e5 Bf5 4. Nc3 e6 5. g4 Bg6 6. Nge2 h6 7. Nf4 Bh7 8. Be3
Nd7 9. Qd2 Qc7 10. h4 O-O-O 11. O-O-O Kb8 12. Bh3 Ne7 13. Rhg1 Nb6 14. Nce2 Nc4
15. Qc3 Nc8 16. Kb1 a6 17. g5 hxg5 18. hxg5 Na7 19. g6 Nb5 20. Qb3 Bxg6 21.
Nxg6 Rxh3 22. Nxf8 Rxf8 23. a4 Na7 24. Rxg7 Qb6 25. Qxb6 Nxb6 26. b3 Nbc8 27.
Nf4 Rhh8 28. Rdg1 b5 29. a5 c5 30. Nd3 cxd4 31. Bxd4 Nc6 32. Bc5 N8e7 33. Nb4
1-0

[Event "24. Int. Boeblinger Open"]
[Site "Boeblingen"]
[Date "2007.12.27"]
[Round "2.17"]
[White "Fichter, Fabian"]
[Black "Boehm, Martin"]
[Result "0-1"]
[WhiteElo "2068"]
[BlackElo "2290"]
[PlyCount "78"]
[EventDate "2007.??.??"]

1. e4 c5 2. Nf3 d6 3. d4 cxd4 4. Nxd4 Nf6 5. Nc3 a6 6. f3 e5 7. Nb3 Be7 8. Be3
O-O 9. Qd3 b5 10. O-O-O Bb7 11. Bg5 Nbd7 12. Ne2 d5 13. Ng3 g6 14. h4 h5 15.
Kb1 Rc8 16. c3 dxe4 17. fxe4 Qb6 18. Qf3 Qe6 19. Bd3 Ng4 20. Bxe7 Qxe7 21. Qe2
Nc5 22. Nxc5 Rxc5 23. Rdf1 Bc8 24. Rf3 Be6 25. Nf1 Rd8 26. Ne3 Rc7 27. Rg3 Rcd7
28. Nxg4 Bxg4 29. Qf1 Rd6 30. Be2 Qb7 31. Re3 Qb6 32. Rg3 Rf6 33. Bf3 Rd2 34.
Qe1 Rfd6 35. Bxg4 hxg4 36. Rxg4 b4 37. Qc1 Qd8 38. h5 Rd1 39. hxg6 Rxh1 0-1

[Event "24. Int. Boeblinger Open"]
[Site "Boeblingen"]
[Date "2007.12.27"]
[Round "2.18"]
[White "Hirneise, Tobias"]
[Black "Injac, Petar"]
[Result "1-0"]
[WhiteElo "2287"]
[BlackElo "2063"]
[PlyCount "71"]
[EventDate "2007.??.??"]

1. e4 c6 2. d4 d6 3. Nc3 Qc7 4. a4 e5 5. Nge2 Bg4 6. h3 Bh5 7. Be3 Nd7 8. Qd2
f6 9. Ng3 Bf7 10. Be2 Ne7 11. O-O h5 12. f4 h4 13. Nh1 exf4 14. Bxf4 Ng6 15.
Bh2 O-O-O 16. a5 Kb8 17. b4 a6 18. Na4 Ne7 19. c4 Nc8 20. b5 Ka8 21. bxa6 bxa6
22. c5 Qa7 23. Rfb1 Nb8 24. Nb6+ Nxb6 25. axb6 Qb7 26. Bxa6 Qxa6 27. b7+ Ka7
28. Rxa6+ Nxa6 29. Qa5 Be7 30. Qb6+ Kb8 31. Qxa6 Bg6 32. Qa8+ Kc7 33. Bxd6+
Bxd6 34. cxd6+ Kxd6 35. b8=B+ Ke7 36. Rb7+ 1-0

[Event "24. Int. Boeblinger Open"]
[Site "Boeblingen"]
[Date "2007.12.27"]
[Round "2.19"]
[White "Penzel, Nils"]
[Black "Hitzler, Philipp"]
[Result "0-1"]
[WhiteElo "2062"]
[BlackElo "2278"]
[PlyCount "38"]
[EventDate "2007.??.??"]

1. d4 d5 2. Nf3 Nf6 3. c4 c6 4. g3 Bf5 5. Bg2 e6 6. O-O Nbd7 7. Nh4 Be4 8. f3
Bg6 9. Nc3 dxc4 10. Nxg6 hxg6 11. e4 e5 12. Be3 exd4 13. Bxd4 Bc5 14. Rf2 Qe7
15. Bf1 Ne5 16. Kg2 Rd8 17. Rd2 Bxd4 18. Rxd4 Rxd4 19. Qxd4 Rxh2+ 0-1

[Event "24. Int. Boeblinger Open"]
[Site "Boeblingen"]
[Date "2007.12.27"]
[Round "2.21"]
[White "Jussupow, Alexander"]
[Black "Remmler, Hans-Peter"]
[Result "0-1"]
[WhiteElo "2054"]
[BlackElo "2256"]
[PlyCount "80"]
[EventDate "2007.??.??"]

1. d4 Nf6 2. Nf3 e6 3. Bg5 h6 4. Bh4 c5 5. e3 b6 6. c4 Bb7 7. Nc3 Be7 8. d5
Nxd5 9. cxd5 Bxh4 10. Nb5 Bxd5 11. Nxh4 Qxh4 12. Nc7+ Kd8 13. Nxa8 Qb4+ 14. Qd2
Qxd2+ 15. Kxd2 Bxa8 16. Be2 Ke7 17. Kc3 Bxg2 18. Rhg1 Be4 19. f3 Bg6 20. e4 Nc6
21. Bd3 Ne5 22. Be2 Nc6 23. Bd3 e5 24. Raf1 Rd8 25. Bc4 Nd4 26. a4 Rc8 27. f4
exf4 28. Rxf4 Ne6 29. Bxe6 dxe6 30. b4 e5 31. Rf2 cxb4+ 32. Kxb4 Rd8 33. Rc1
Rd4+ 34. Kb5 Bxe4 35. a5 Bd3+ 36. Kc6 bxa5 37. Kb7 Rd7+ 38. Kc6 f6 39. Rg1 Be4+
40. Kb5 g5 0-1

[Event "24. Int. Boeblinger Open"]
[Site "Boeblingen"]
[Date "2007.12.27"]
[Round "2.24"]
[White "Hoelsch, Rainer"]
[Black "Strunski, Andreas"]
[Result "0-1"]
[WhiteElo "2050"]
[BlackElo "2238"]
[PlyCount "46"]
[EventDate "2007.??.??"]

1. d4 Nf6 2. c4 g6 3. Nc3 Bg7 4. e4 d6 5. Nf3 O-O 6. Be2 e5 7. O-O Nc6 8. d5
Ne7 9. Nd2 Nd7 10. Rb1 f5 11. b4 Nf6 12. f3 h5 13. c5 f4 14. Nc4 g5 15. cxd6
cxd6 16. Qb3 Kh8 17. Nb5 Ne8 18. Bb2 Ng6 19. Rfc1 g4 20. Na5 g3 21. Rxc8 Rxc8
22. h3 Nh4 23. Kf1 Qb6 0-1

[Event "24. Int. Boeblinger Open"]
[Site "Boeblingen"]
[Date "2007.12.26"]
[Round "1.1"]
[White "Kurzweil, Thomas"]
[Black "Gharamian, Tigran"]
[Result "0-1"]
[WhiteElo "1954"]
[BlackElo "2557"]
[PlyCount "40"]
[EventDate "2007.??.??"]

1. d4 e6 2. c4 Bb4+ 3. Nc3 Nf6 4. Qc2 O-O 5. Bg5 c5 6. a3 Bxc3+ 7. bxc3 Nc6 8.
Nf3 d6 9. e3 e5 10. Bd3 h6 11. Bxf6 Qxf6 12. Bh7+ Kh8 13. Be4 exd4 14. Bxc6
bxc6 15. cxd4 cxd4 16. Nxd4 c5 17. Nb3 Bf5 18. Qc1 Rab8 19. Nd2 Bd3 20. f3 Rfe8
0-1

[Event "24. Int. Boeblinger Open"]
[Site "Boeblingen"]
[Date "2007.12.26"]
[Round "1.2"]
[White "Naumann, Alexander"]
[Black "Spielberger, Horst"]
[Result "1-0"]
[WhiteElo "2548"]
[BlackElo "1952"]
[PlyCount "67"]
[EventDate "2007.??.??"]

1. e4 d6 2. d4 Nd7 3. Nf3 c5 4. Nc3 cxd4 5. Nxd4 a6 6. Bc4 Ngf6 7. Bg5 Qa5 8.
Qd2 h6 9. Bh4 g6 10. O-O Bg7 11. Rad1 Qc5 12. Bb3 O-O 13. Rfe1 Qh5 14. Bg3 Nc5
15. Bc4 b5 16. Be2 Bg4 17. f3 Bd7 18. b4 Ne6 19. f4 Ng4 20. Nxe6 Bxe6 21. h3
Rac8 22. hxg4 Bxc3 23. gxh5 Bxd2 24. Rxd2 Bxa2 25. hxg6 fxg6 26. Ra1 Bc4 27.
Bf3 Rc6 28. e5 d5 29. Rxd5 g5 30. Rd7 Rg6 31. f5 Rg7 32. Be4 e6 33. Rxg7+ Kxg7
34. f6+ 1-0

[Event "24. Int. Boeblinger Open"]
[Site "Boeblingen"]
[Date "2007.12.26"]
[Round "1.4"]
[White "Fercec, Nenad"]
[Black "Reichert, Manuel"]
[Result "1-0"]
[WhiteElo "2487"]
[BlackElo "1951"]
[PlyCount "65"]
[EventDate "2007.??.??"]

1. e4 c5 2. Nf3 Nc6 3. d4 cxd4 4. Nxd4 g6 5. Nc3 Bg7 6. Be3 Nf6 7. Bc4 Qa5 8.
Nb3 Qc7 9. O-O O-O 10. Bg5 Ne5 11. Be2 d6 12. Bxf6 Bxf6 13. Nd5 Qd8 14. Nxf6+
exf6 15. f4 Nc6 16. Qd2 f5 17. Bf3 fxe4 18. Bxe4 Qf6 19. c3 Rd8 20. Bf3 Be6 21.
Rad1 a5 22. Bd5 a4 23. Bxe6 Qxe6 24. Nc1 d5 25. f5 gxf5 26. Qg5+ Qg6 27. Rxf5
d4 28. c4 a3 29. b3 Rd7 30. Qf4 Kf8 31. Rf6 Qh5 32. Rf1 Ne5 33. Rf5 1-0

[Event "24. Int. Boeblinger Open"]
[Site "Boeblingen"]
[Date "2007.12.26"]
[Round "1.5"]
[White "Schmid, Eugen"]
[Black "Wirig, Anthony"]
[Result "0-1"]
[WhiteElo "1946"]
[BlackElo "2467"]
[PlyCount "62"]
[EventDate "2007.??.??"]

1. d4 Nf6 2. Nf3 c5 3. g3 cxd4 4. Nxd4 Nc6 5. Bg2 e5 6. Nxc6 dxc6 7. Qxd8+ Kxd8
8. O-O Kc7 9. Nd2 Bf5 10. c3 Nd7 11. Ne4 f6 12. Be3 Bxe4 13. Bxe4 Bc5 14. Bxc5
Nxc5 15. Bc2 a5 16. Rfd1 g6 17. Kg2 Rhd8 18. Kf3 Rxd1 19. Rxd1 b5 20. a3 Nb7
21. e3 Nd6 22. Bb3 Rb8 23. Rd2 f5 24. h4 Ne4 25. Rd1 b4 26. cxb4 axb4 27. a4
Nc5 28. Bc4 Nxa4 29. b3 Nb2 30. Rc1 Nxc4 31. Rxc4 Kd6 0-1

[Event "24. Int. Boeblinger Open"]
[Site "Boeblingen"]
[Date "2007.12.26"]
[Round "1.6"]
[White "Schmittdiel, Eckhard"]
[Black "Lippert, Roland"]
[Result "1-0"]
[WhiteElo "2423"]
[BlackElo "1942"]
[PlyCount "71"]
[EventDate "2007.??.??"]

1. Nf3 d5 2. c4 e6 3. Nc3 Nf6 4. e3 c6 5. b3 Be7 6. Bb2 O-O 7. d4 Nbd7 8. Bd3
dxc4 9. bxc4 c5 10. O-O b6 11. Ne5 Bb7 12. Qc2 h6 13. Rad1 Qc7 14. Nxd7 Nxd7
15. d5 Nf6 16. Nb5 Qc8 17. d6 Bd8 18. f3 a6 19. Nc3 Kh8 20. Qf2 e5 21. Bb1 Qe6
22. Qe2 Bc6 23. a4 Ra7 24. Rd2 Rd7 25. Rfd1 Ne8 26. Be4 Bxe4 27. Nxe4 f5 28.
Nf2 Rxd6 29. Rd5 Bc7 30. e4 f4 31. Nd3 Rxd5 32. exd5 Qf5 33. Bxe5 Bxe5 34. Qxe5
Qxe5 35. Nxe5 Rf6 36. d6 1-0

[Event "24. Int. Boeblinger Open"]
[Site "Boeblingen"]
[Date "2007.12.26"]
[Round "1.7"]
[White "Djeno, Snjezana"]
[Black "Rojas, Luis"]
[Result "0-1"]
[WhiteElo "1940"]
[BlackElo "2414"]
[PlyCount "50"]
[EventDate "2007.??.??"]

1. d4 Nf6 2. c4 g6 3. Nc3 d5 4. Bf4 Bg7 5. e3 O-O 6. Nf3 c5 7. Be2 cxd4 8. exd4
dxc4 9. Bxc4 Bg4 10. d5 Nbd7 11. O-O Rc8 12. Be2 Nb6 13. d6 exd6 14. Bxd6 Re8
15. Bf4 Ne4 16. Nxe4 Rxe4 17. Bc1 Qe8 18. Bd3 Rd8 19. Qb3 Bxf3 20. gxf3 Red4
21. Be4 Qe7 22. a3 Qh4 23. Be3 Be5 24. f4 Rxe4 25. fxe5 Qg4+ 0-1